Countries with the Most Spanish Speakers - Statistics

General Stats
  • This quiz has been taken 102 times
  • The average score is 10 of 10
Answer Stats
Place Status Speakers Answer % Correct
5. National 44 259 883 Argentina
100%
1. National 130 222 118 Mexico
100%
3. National 48 258 494 Colombia
99%
4. National 47 003 901 Spain
99%
2. 52 600 000 U.S.A.
99%
8. National 17 248 450 Chile
96%
7. National 29 210 000 Venezuela
96%
6. National 29 797 694 Peru
94%
10. National 11 268 000 Cuba
89%
9. National 14 170 000 Ecuador
86%
No matching quizzes found
Score Distribution
Percent of People with Each Score
Percentile by Number Answered
Your Score History
You have not taken this quiz